000 00851nam a2200265Ia 4500
003 OSt
005 20221005105444.0
006 a|||||r|||| 00| 0
007 ta
008 221004b |||||||| |||| 00| 0 hin d
020 _c200
024 _a106011
037 _b12954, 18/03/2011, Kitab Ghar
_cTextual
040 _aCRL
_cCRL
_bhin
041 _2hin
_ahin
082 _aO152,3M80,GO, P9
100 _aप्रेमचन्द
245 0 _aगोदान
246 _aGodāna
260 _aनई दिल्ली
_bभारतीय ग्रंथ निकेतन भारत
_c2009
300 _a352पृ0
_ccm.
650 _aहिन्दी साहित्य
942 _hO152,3M80,GO, P9
_cTEXL
_2cc
999 _c1015875
_d1015875